书目信息 |
| 题名: |
约翰·克利斯朵夫
|
|
| 作者: | 罗曼·罗兰 , Rolland 著 ;傅雷 译 | |
| 分册: | ||
| 出版信息: | 北京 人民文学出版社 1957 |
|
| 页数: | 4册(1704页) | |
| 开本: | 19cm | |
| 丛书名: | ||
| 单 册: | ||
| 中图分类: | I565.45 | |
| 科图分类: | ||
| 主题词: | 长篇小说--法国--现代 | |
| 电子资源: | ||
| ISBN: | 10019.501 | |
| 000 | 00912nam0 2200289 450 | |
| 001 | 0180006628 | |
| 005 | 20100712215826.0 | |
| 010 | @a10019.501@dCNY4.30 | |
| 091 | @a10019.501 | |
| 100 | @a19960215e19801957em y0chiy0110 ea | |
| 101 | 1 | @achi@cfre |
| 102 | @aCN@b110000 | |
| 105 | @ay z 000ay | |
| 106 | @ar | |
| 200 | 1 | @a约翰·克利斯朵夫@9Yue;Yao Han · Ke Li Si Duo Fu @f(法)罗兰(R.Rolland)著@g傅雷译 |
| 210 | @a北京@c人民文学出版社@d1957@h1980重印 | |
| 215 | @a4册(1704页)@d19cm | |
| 300 | @a书名原文:Jean Christophe | |
| 510 | 1 | @aJean Christophe@zfre |
| 517 | 1 | @a约翰克利斯朵夫@9yue han ke li si duo fu |
| 606 | 0 | @a长篇小说@y法国@z现代 |
| 690 | @aI565.45@v3 | |
| 701 | 1 | @c(法)@a罗曼·罗兰@9luo man luo lan@c(Rolland, Romain@f1866~1944)@4著 |
| 701 | 1 | @aRolland@bR.@4著 |
| 702 | 0 | @a傅雷@9fu lei@f(1908~1966)@4译 |
| 801 | 0 | @aCN@bAzMarc@c20130904 |
| 905 | @aBZT@dI56@e1@f11@sI56/1 | |
| 约翰·克利斯朵夫/(法)罗兰(R.Rolland)著/傅雷译.-北京:人民文学出版社,1957(1980重印) |
| 4册(1704页);19cm |
| 书名原文:Jean Christophe |
| ISBN 10019.501:CNY4.30 |
| ● |
| 相关链接 |
|
|
|
正题名:约翰·克利斯朵夫
索取号:I56/1
 
预约/预借
| 序号 | 登录号 | 条形码 | 馆藏地/架位号 | 状态 | 备注 |
| 1 | 2000077405 | 2000077405 | 旧书回溯/ [索取号:I56/1] | 在馆 | |
| 2 | 2000077931 | 2000077931 | 旧书回溯/ [索取号:I56/1] | 在馆 | |
| 3 | 2000077932 | 2000077932 | 旧书回溯/ [索取号:I56/1] | 在馆 | |
| 4 | 2000077933 | 2000077933 | 旧书回溯/ [索取号:I56/1] | 在馆 | |
| 5 | 2000077978 | 2000077978 | 旧书回溯/ [索取号:I56/1] | 在馆 | |
| 6 | 2000086619 | 2000086619 | 旧书回溯/ [索取号:I56/1] | 在馆 | |
| 7 | 2000141776 | 2000141776 | 旧书回溯/ [索取号:I56/1] | 在馆 | |
| 8 | 2000141777 | 2000141777 | 旧书回溯/ [索取号:I56/1] | 在馆 | |
| 9 | 2000141778 | 2000141778 | 旧书回溯/ [索取号:I56/1] | 在馆 | |
| 10 | 2000141779 | 2000141779 | 旧书回溯/ [索取号:I56/1] | 在馆 | |
| 11 | 2000141780 | 2000141780 | 旧书回溯/ [索取号:I56/1] | 在馆 |